| 000 | 01288nam a2200349 a 4500 | ||
|---|---|---|---|
| 001 | vtls001477013 | ||
| 003 | NLI | ||
| 005 | 20210630170737.0 | ||
| 008 | 121201s1966 dcu i f000 0 eng | ||
| 039 | 9 |
_a201808011741 _bsubratam1 _c201808011725 _dsubratam1 _y201212011937 _zVLOAD |
|
| 040 |
_aNLI _beng _eAACR2 |
||
| 041 | 0 | _aeng | |
| 044 | _adcu | ||
| 082 | 0 | 4 |
_a363.50973 _223 |
| 245 | 0 | 0 | _aSixty (60) books on housing and urban planning |
| 246 | 0 | 0 | _a60 books on housing and urban planning |
| 260 |
_aWashington, D.C. : _bDepartment of Housing and Urban Development, _c1966 |
||
| 300 |
_a19 p. ; _c22 cm. |
||
| 500 | _aIncludes Index | ||
| 500 | _a"August 1966" | ||
| 650 | 0 |
_aHousing _zUnited States _9709522 |
|
| 650 | 0 |
_aUrbanization _zUnited States _9696146 |
|
| 650 | 0 |
_aCity planning _zUnited States _9697097 |
|
| 710 | 2 |
_aUnited States. _bDepartment of Housing and Urban Development _9709092 |
|
| 887 | _asubratam1 (Intern) | ||
| 901 |
_aUS-68278 _bdt.18.07.2018 |
||
| 902 |
_aUS 363.50973 _bSi 99 |
||
| 904 |
_asubratam1 (Intern) _bdt.01.08.2018 |
||
| 949 |
_AVIRTUAITEM _D10002 _X100 _6USX000068278ENG _eUS-68278 |
||
| 942 |
_2ddc _cBKS |
||
| 999 |
_aVIRTUA40 _c1432016 _d1432016 |
||
| 999 | _aVTLSSORT0080*0400*0410*0440*0820*2450*2460*2600*3000*5000*5001*6500*6501*6502*7100*9010*9020*9040*9992 | ||